Statystyki dla Rok liturgiczny

Kliknij tutaj aby rozwiązać quiz!

Ogólne statystyki

  • Ten quiz został rozwiązany 58 razy
  • Średni wynik to 6 z 7

Statystyki odpowiedzi

Hint% Poprawnych
Okres Narodzenia Pańskiego
96%
Adwent
92%
Okres wielkanocny
92%
Okres Zwykły
86%
Okres Zwykły
86%
Wielki Post
84%
Triduum Paschalne
58%

Rozkład punktacji

Percentyl według liczby udzielonych odpowiedzi

Procent ludzi z każdym wynikiem

Twoja historia wyników

Nie rozwiązałeś tego quizu